Music Quiz

Random Music or Song Quiz

Eminem Lyrics Quiz Stats

 Plays Quiz not verified by Sporcle

Also try: Opening Lyrics V
Challenge
Share
Tweet
Embed
Score 0/15 Timer 06:00
0 Plays Today
Lyrics Song % Correct
'I got a hole in my heart like some kind of emotional roller coaster'Space Bound
64.4%
Follow me and do exactly what the song says: smoke weed, take pills, drop outta school, kill people and drinkRole Model
63%
'I dont remember how they got there but I guess I musta killed em'3 AM
56.7%
'But for now we'll just say mama was real real bad, was being mean to dad and made him real real mad'97 Bonnie and Clyde
51.3%
'Must be a circus in town, let's shut the sh*t down on these clowns'Business
50.1%
All I know is I'm about to hit the wall, If I have to see another one of mom's alcoholic fits. This is it, last straw, thats all, thats it. I ain't dealing with another politicRabbit Run
43.9%
You can be black, white, or albino, yeah. You can have corn rows inside your hair'Jimmy Crack Corn
41%
'What ever happened to catchin' a good old fashioned passionate ass-whoopin?'Marshall Mathers
39.6%
Lyrics Song % Correct
'If I offended you, good!'Still Don't Give a ****
36.8%
'I love pissin you off, it gets me off. Like my lawyers, when the **** judge lets me off.'Soldier
36.2%
''Eminem is a dishead, he'll never last, the only class he'll ever pass is Phys ed'As The World Turns
35.6%
'You are the Kim to my Marshall, you're the Slim to my Shady, the Dre to my Eminem, the Alaina to my Hailie'Crazy In Love
34.2%
'But I still spit triple the amount of insults in a tenth of the time that it may take you pricks to catch on''That's All She Wrote
29.9%
But 'Encore' just didn't have the caliber to match it. I guess enough time just ain't passed yet. A couple more years, that sh*t'll be illmatic.Careful What You Wish For
29.3%
'Cause all I wanted was to give Hailie the life I never had But instead I forced us to live alienated'Say Goodbye Hollywood
26.2%

You're not logged in!

Compare scores with friends on all Sporcle quizzes.
Join for Free
OR
Log In

You Might Also Like...

Show Comments

Extras

Created Apr 27, 2011ReportNominate
Tags:Song Quiz, Eminem

Top Quizzes Today


Score Distribution

Your Account Isn't Verified!

In order to create a playlist on Sporcle, you need to verify the email address you used during registration. Go to your Sporcle Settings to finish the process.

Report this User

Report this user for behavior that violates our Community Guidelines.

Details: